La primera representción de la ópera La Torre de Babel / (Record no. 161137)

MARC details
000 -LEADER
campo de control de longitud fija 00732nam a22001815i 4500
001 - NÚMERO DE CONTROL
campo de control 161137
003 - IDENTIFICADOR DE NÚMERO DE CONTROL
campo de control ES-MaACL
005 - FECHA Y HORA DE LA ÚLTIMA TRANSACCIÓN
campo de control 20230906212212.0
008 - DATOS DE LONGITUD FIJA--INFORMACIÓN GENERAL
campo de control de longitud fija 041020s1899 sp |||| | spa d
040 ## - FUENTE DE CATALOGACIÓN
Centro catalogador/agencia de origen CAM
Lengua de catalogación spa
Centro/agencia transcriptor CAM
100 1# - ENTRADA PRINCIPAL--NOMBRE DE PERSONA
Nombre de persona Ossé, Juano.
9 (RLIN) 130734
245 13 - MENCIÓN DEL TÍTULO
Título La primera representción de la ópera La Torre de Babel /
Mención de responsabilidad, etc. por Juano Ossé.
260 ## - PUBLICACIÓN, DISTRIBUCIÓN, ETC.
Lugar de publicación, distribución, etc. Sevilla :
Nombre del editor, distribuidor, etc. [s.n.],
Fecha de publicación, distribución, etc. 1899 (
Fabricante Establecimiento tipográfico de Enrique Bergali)
300 ## - DESCRIPCIÓN FÍSICA
Extensión 52 p. ;
Dimensiones 22 cm.
594 ## - Nota al título y mención de responsabilidad
Nota al título y mención de responsabilidad Precede al tit.: Término probable del Arte Músico.
594 ## - Nota al título y mención de responsabilidad
Nota al título y mención de responsabilidad Juano Ossé es anagrama de José Osuna.
852 ## - LOCALIZACIÓN
Ubicación ES-MaACL
Número de control de estantería Fol-Laf-305
Nota libre -- Rust.
-- -- Legado M. de la Fuente
-- -- Dedicatoria de José Osuna al Heraldo de Madrid, 1899
Holdings
Estatus retirado Estado de pérdida Estado de daño No para préstamo Colección Biblioteca de origen Biblioteca actual Ubicación en estantería Fecha de adquisición Fuente de adquisición Total de préstamos Signatura topográfica completa Código de barras Visto por última vez Precio de reemplazo Tipo de ítem Koha
        Colección de folletos Biblioteca del Ateneo de Madrid Biblioteca del Ateneo de Madrid Depósito folletos 17/01/2008     Fol-Laf-305 1168776 23/02/2023 23/02/2023 Folleto